Dodavateľsko-odberateľské vzťahy v procese obnovy a záchrany kultúrnych pamiatok záverečná práca postgraduálneho štúdia

Salvato in:
Dettagli Bibliografici
Autore principale: Mička, Milan
Ente Autore: Vysoká škola ekonomická v Bratislave
Altri autori: Babják, Marián
Natura: Libro
Lingua:slovacco
Pubblicazione: Bratislava 1987
Tags: Aggiungi Tag
Nessun Tag, puoi essere il primo ad aggiungerne!!

MARC

LEADER 00000nam a2200000 4500
001 c031794
005 20221219094410.0
041 0 |a slo 
044 |a SK 
245 1 0 |a Dodavateľsko-odberateľské vzťahy v procese obnovy a záchrany kultúrnych pamiatok  |b záverečná práca postgraduálneho štúdia  |c Milan Mička ; Ved. práce Marián Babják 
264 1 |a Bratislava  |c 1987 
300 |a 41 s. 
100 1 |a Mička, Milan 
700 1 |a Babják, Marián 
710 2 |a Vysoká škola ekonomická v Bratislave